000 00478nam a2200169Ia 4500
008 121204t1986 xxu||||| |||| 00| 0 sin d
041 _asin
080 _a8S-14
_bDUT
100 _aIndrasiri .K.M.G
_ecom.
245 _aදුටුගැමුණු විහාර අස්න
246 _aDutugemunu Vihara Asna
260 _bBaddegama Mudhdhrana Shilpiyo
_a-
_c1986
300 _b30p., 20 cm
942 _cBK
999 _c75419
_d75419
003 LK-CoDNM
040 _aLK-CoDNM
_dLK-CoDNM
_eLK-CoDNM